Full Moon Names - Statistics

General Stats
  • This quiz has been taken 31 times
  • The average score is 8 of 12
Answer Stats
Month Named For... Answer % Correct
January ...this animal, whose howls could be heard in the cold winter. {Wolf} Moon
100%
February ...this type of precipitation, common in the month. {Snow} Moon
96%
April ...the colour of the wild phlox; shares its name with a Nick Drake song. {Pink} Moon
81%
September ...the time to gather plants; shares its name with a Neil Young song. {Harvest} Moon
77%
June ...this fruit ready to be picked in the month. {Strawberry} Moon
77%
May ...plants of the division Magnoliophyta, common after the April rains. {Flower} Moon
65%
November ...this rodent; November is the last month to set traps for it. {Beaver} Moon
62%
August ...this large fish, often caught in the month. {Sturgeon} Moon
62%
October ...this occupation, busy between the reaping of the fields and winter. {Hunter}'{s} Moon
54%
March ...this invertebrate which emerges in the month. {Worm} Moon
54%
July ...this male mammal whose distinctive head structures grow in the month. {Buck} Moon
50%
December ...the Winter Solstice, the shortest day of the year. {Long Night} Moon
23%
No matching quizzes found
Score Distribution
Percent of People with Each Score
Percentile by Number Answered
Your Score History
You have not taken this quiz